Normal view
MARC view
- Supervisor:Nazar Abbas Saqib
Entry Personal Name
001 - CONTROL NUMBER
- control field: 124750
003 - CONTROL NUMBER IDENTIFIER
- control field: NUST
005 - DATE AND TIME OF LATEST TRANSACTION
- control field: 20240723124845.0
008 - FIXED-LENGTH DATA ELEMENTS
- fixed length control field: 240723|| aca||aabn | a|a d
040 ## - CATALOGING SOURCE
- Original cataloging agency: NUST
- Transcribing agency: NUST
100 ## - HEADING--PERSONAL NAME
- Personal name: Supervisor:Nazar Abbas Saqib
670 ## - SOURCE DATA FOUND
- Source citation: Work cat.: (NUST)527818: Hussain, Abid 19282, Channel Band Adaptation in Wireless Networks /, 2016.
